书目信息 |
| 题名: |
情报学
|
|
| 作者: | 赵冰峰 著 | |
| 分册: | ||
| 出版信息: | 北京 金城出版社 2022.1 |
|
| 页数: | 406页 | |
| 开本: | 24cm | |
| 丛书名: | ||
| 单 册: | ||
| 中图分类: | G250.2 | |
| 科图分类: | ||
| 主题词: | 情报学--qing bao xue--研究 | |
| 电子资源: | ||
| ISBN: | 978-7-5155-1482-6 | |
| 000 | 01131nam0 2200277 45 | |
| 001 | 012001000548 | |
| 005 | 20141201152215.0 | |
| 010 | @a978-7-5155-1482-6@dCNY68.00 | |
| 099 | @aCAL 012018097946 | |
| 100 | @a20220905d2018 em y0chiy50 ea | |
| 101 | 0 | @achi |
| 102 | @aCN@b110000 | |
| 105 | @aak a 000yy | |
| 106 | @ar | |
| 200 | 1 | @a情报学@Aqing bao xue@e服务国家安全与发展的现代情报理论@f赵冰峰著 |
| 210 | @a北京@c金城出版社@d2022.1 | |
| 215 | @a406页@c图@d24cm | |
| 314 | @a赵冰峰, 独立情报学者, 中国情报学界年轻学者中的领军人物。 | |
| 320 | @a有书目 (第395-406页) | |
| 330 | @a本书系统研究了中国古代与现代情报思想方法的内涵与脉络 ; 系统研究了美国现代军事与安全情报理论的内涵与优劣 ; 构建了侦察、分析、设计与行动的各情报职能方法论 ; 构建了安全、外宣、军事、公安、经济、科技及国际等各领域情报理论, 为各理论间的融合奠定基础。 | |
| 517 | 1 | @a服务国家安全与发展的现代情报理论@Afu wu guo jia an quan yu fa zhan de xian dai qing bao li lun |
| 606 | 0 | @a情报学@Aqing bao xue@x研究 |
| 690 | @aG250.2@v5 | |
| 701 | 0 | @a赵冰峰@Azhao bing feng@4著 |
| 801 | 0 | @aCN@bAHXH@c20221111 |
| 905 | @b1369546-8@dG250.2@e174@f3 | |
| 情报学:服务国家安全与发展的现代情报理论/赵冰峰著.-北京:金城出版社,2022.1 |
| 406页:图;24cm |
| ISBN 978-7-5155-1482-6:CNY68.00 |
| 本书系统研究了中国古代与现代情报思想方法的内涵与脉络 ; 系统研究了美国现代军事与安全情报理论的内涵与优劣 ; 构建了侦察、分析、设计与行动的各情报职能方法论 ; 构建了安全、外宣、军事、公安、经济、科技及国际等各领域情报理论, 为各理论间的融合奠定基础。 |
| ● |
| 相关链接 |
|
|
|
|
正题名:情报学
索取号:G250.2/174
 
预约/预借
| 序号 | 登录号 | 条形码 | 馆藏地/架位号 | 状态 | 备注 |
| 1 | 1369546 | 213695465 | 第一样本阅览室/ [索取号:G250.2/174] | 在馆 | |
| 2 | 1369547 | 213695474 | 第四借阅区/ [索取号:G250.2/174] | 在馆 | |
| 3 | 1369548 | 213695483 | 第四借阅区/ [索取号:G250.2/174] | 在馆 |